| 000 | 01456 a2200241 4500 | ||
|---|---|---|---|
| 003 | Nust | ||
| 005 | 20220802120743.0 | ||
| 010 | _a 2003055801 | ||
| 020 | _a084931593X | ||
| 040 | _cNust | ||
| 082 | 0 | 0 | _a621,GIU |
| 100 | 1 |
_aGiurgiutiu, Victor. _996236 |
|
| 245 | 1 | 0 |
_aMicromechatronics : _bmodeling, analysis, and design with MATLAB / _cVictor Giurgiutiu, Sergey Edward Lyshevski. |
| 260 |
_aBoca Raton, Fla. : _bCRC Press, _cc2004. |
||
| 300 |
_a828 p. : _bill. ; _c27 cm. |
||
| 440 | 0 |
_aNano- and microscience, engineering, technology, and medicine series _996237 |
|
| 505 | _aIntroduction (Page-1), Modeling of Mechatronic Systems (Page-13), Control of Mechatronic Systems (Page-55), Integrated Circuits, Power Electronics, and Power Converters (Page-159), Direct-Current Miniscale Machines (Page-201), Induction Mini- and Microscale Machines (Page-243), Synchronous Mini- and Microscale Machines (Page-296),Mini- and Micro Electro Mechanical and Mechatronic Systems (Page-333), Electroactive and Magnetoactive Materials (Page-357), Induced-Strain Actuators (Page-417), Piezoelectric Wafer Active Sensors (Page-509), Microcontrollers for Sensing, Actuation, and Process Control (Page-697). | ||
| 650 | 0 | _aMechatronics. | |
| 650 | 0 | _aMicroelectromechanical systems. | |
| 700 | 1 |
_aLyshevski, Sergey Edward. _969191 |
|
| 856 | 4 | 2 |
_3Publisher description _uhttp://www.loc.gov/catdir/enhancements/fy0646/2003055801-d.html |
| 942 |
_cREF _2ddc |
||
| 999 |
_c175524 _d175524 |
||